Normal view
MARC view
Entry Topical Term
001 - CONTROL NUMBER
- control field: 52269
003 - CONTROL NUMBER IDENTIFIER
- control field: OSt
005 - DATE AND TIME OF LATEST TRANSACTION
- control field: 20240815160019.0
008 - FIXED-LENGTH DATA ELEMENTS
- fixed length control field: 240815|| aca||aabn | a|a d
040 ## - CATALOGING SOURCE
- Original cataloging agency: OSt
- Transcribing agency: OSt
150 ## - HEADING--TOPICAL TERM
- Topical term or geographic name entry element: ဗုဒ္ဓဘာသာ
- General subdivision: လက်စွဲ။
670 ## - SOURCE DATA FOUND
- Source citation: Work cat.: (OSt): အံ့၊ မောင်၊ မဟာဝိဇ္ဇာ၊ ဘုံဘေ 52268, ဗုဒ္ဓဘာသာလက်စွဲကျမ်း-ပတွဲ /, ၁၉၉၁။